| 000 | 00787nam a2200277Ia 4500 | ||
|---|---|---|---|
| 005 | 20260324115624.0 | ||
| 008 | 008 260324s9999 xx 000 0 eng d | ||
| 020 | _a9788743803218 | ||
| 037 | _aEBOOK | ||
| 040 | _aCRL | ||
| 040 | _beng | ||
| 040 | _cCRL | ||
| 041 | _2eng | ||
| 041 | _aeng | ||
| 084 | _qCRL | ||
| 100 |
_aPaolo Castellini; Dario Di Maio _91155377 |
||
| 245 | 0 | _aRotating Machinery, Hybrid Test Methods, Vibro-Acoustics & Laser Vibrometry, Volume 8 | |
| 245 | 0 | _bProceedings of the 35th IMAC, A Conference and Exposition on Structural Dynamics 2017 | |
| 260 | _bTaylor and Francis | ||
| 260 | _c2017 | ||
| 365 | _a | ||
| 856 | _uhttp://www.taylorfrancis.com/books/9788743803218 | ||
| 942 | _cEBOOK | ||
| 999 |
_c1746384 _d1746384 |
||